ARRUPE JESUIT UNIVERSITY

CORONAVIRUS -STOP THE SPREAD - CLEAN,DISINFECT,COVER

Megaliths and their mysteries : (Record no. 128814)

MARC details
000 -LEADER
fixed length control field 00966pam a2200289 i 4500
001 - CONTROL NUMBER
control field 2754429
003 - CONTROL NUMBER IDENTIFIER
control field ARRUPE
005 - DATE AND TIME OF LATEST TRANSACTION
control field 20190124101839.0
008 - FIXED-LENGTH DATA ELEMENTS--GENERAL INFORMATION
fixed length control field 790828s1979 nyua b 001 0 eng
010 ## - LIBRARY OF CONGRESS CONTROL NUMBER
LC control number 79020977
020 ## - INTERNATIONAL STANDARD BOOK NUMBER
International Standard Book Number 0026097303 :
Terms of availability $12.95
040 ## - CATALOGING SOURCE
Original cataloging agency DLC
Transcribing agency DLC
Modifying agency DLC
043 ## - GEOGRAPHIC AREA CODE
Geographic area code e------
050 00 - LIBRARY OF CONGRESS CALL NUMBER
Classification number SPC. GN776.2.A1
Item number S47
082 00 - DEWEY DECIMAL CLASSIFICATION NUMBER
Classification number 936
300 ## - PHYSICAL DESCRIPTION
Other physical details ill. ;
Dimensions 21 cm.
100 1# - MAIN ENTRY--PERSONAL NAME
Personal name Service, Alastair,
Dates associated with a name 1933-
9 (RLIN) 44142
245 10 - TITLE STATEMENT
Title Megaliths and their mysteries :
Remainder of title the standing stones of Old Europe /
Statement of responsibility, etc Alastair Service and Jean Bradbery.
260 ## - PUBLICATION, DISTRIBUTION, ETC. (IMPRINT)
Place of publication, distribution, etc London :
Name of publisher, distributor, etc Weidenfeld and Nicolson,
Date of publication, distribution, etc c1979.
300 ## - PHYSICAL DESCRIPTION
Extent 284 p. :
500 ## - GENERAL NOTE
General note Includes index.
504 ## - BIBLIOGRAPHY, ETC. NOTE
Bibliography, etc Bibliography: p. 268-275.
650 #0 - SUBJECT ADDED ENTRY--TOPICAL TERM
Topical term or geographic name as entry element Megalithic monuments
Geographic subdivision Europe.
9 (RLIN) 43989
650 #0 - SUBJECT ADDED ENTRY--TOPICAL TERM
Topical term or geographic name as entry element Neolithic period
Geographic subdivision Europe.
9 (RLIN) 44143
651 #0 - SUBJECT ADDED ENTRY--GEOGRAPHIC NAME
Geographic name Europe
General subdivision Antiquities.
9 (RLIN) 43934
700 1# - ADDED ENTRY--PERSONAL NAME
Personal name Bradbery, Jean,
Relator term joint author.
9 (RLIN) 44144
906 ## - LOCAL DATA ELEMENT F, LDF (RLIN)
a 7
b cbc
c orignew
d 1
e ocip
f 19
g y-gencatlg
942 ## - ADDED ENTRY ELEMENTS (KOHA)
Source of classification or shelving scheme Library of Congress Classification
Koha item type SPC
Holdings
Withdrawn status Lost status Source of classification or shelving scheme Damaged status Not for loan Collection code Home library Current library Shelving location Date acquired Total Checkouts Full call number Barcode Date last seen Price effective from Koha item type
    Library of Congress Classification     SPECIAL Collection ARRUPE LIBRARY ARRUPE LIBRARY REFERENCE 24/01/2019   SPC. GN776.2.A1 S47 46600003406 24/01/2019 24/01/2019 SPC

 

Arrupe Library. PO Box MP320 Mt Pleasant, Harare, Zimbabwe
263 242 745411|librarian@aju.ac.zw